000 01400cam a2200373Ia 4500
001 42191
005 20230411085956.0
008 011019s2000 sp b 000 0 spa d
035 _a(OCoLC)ocm48637032
040 _aPL#
_cPL#
_dGZM
020 _a847908569X (pbk.)
020 _a9788479085698 (pbk.)
043 _ae-sp---
090 _aP 337 d
049 _aGRAL
100 1 _aDíaz Marín, Pedro,
_d1953-
245 1 4 _aLos derechos políticos en los inicios del liberalismo :
_bAlicante, 1834-1836 /
_cPedro Dâiaz Marín.
246 3 0 _aAlicante, 1834-1836
260 _a[Alicante] :
_bUniversidad de Alicante,
_cc2000.
300 _a162 p. ;
_c24 cm.
490 1 _aMonografías / Publicaciones Universidad de Alicante
504 _aIncludes bibliographical references (p. 151-162).
650 0 _aLiberalism
_zSpain
_zAlicante (Province)
_xHistory
_y19th century.
650 0 _aPolitical rights
_zSpain
_zAlicante (Province)
_xHistory
_y19th century.
650 0 _aConstitutional history
_zSpain
_zAlicante (Province)
651 0 _aAlicante (Spain : Province)
_xHistory
_y19th century.
653 _aLiberalismo
_aAlicante (Espaäna)
_a1834-1836.
653 _aDerechos polâiticos
_aAlicante (Espaäna)
_a1834-1836.
653 _aAlicante (Espaäna)
_aHistoria
_a1834-1836.
830 0 _aMG (Universidad de Alicante)
942 _2lcc
_cbk
946 _acjpeguero
994 _aC0
_bDRFGD
999 _c110329
_d110329